Music Quiz

Random Music or Clip Quiz

60 Opening Lyrics (Clip) Quiz Stats

Quiz Updated Dec 5, 2016

Challenge
Share
Tweet
Score 0/60 Timer 17:00
19 Plays Today
Time Song Title % Correct
0:56Dancing Queen
91.4%
0:40Happy
90%
2:13Girls Just Want To Have Fun
88.1%
3:54Billie Jean
86.8%
0:23Livin' On A Prayer
86.4%
4:11Bohemian Rhapsody
86.3%
0:14Rolling In The Deep
86.1%
5:09I Will Survive
83%
4:45Don't Stop Believin'
82.1%
2:29Hey Ya!
81.1%
2:21I'll Be There For You
80.1%
3:11Royals
79%
1:10I'm A Believer
79%
7:07Hotel California
78.9%
2:47Uptown Funk
76.9%
3:27American Pie
76.3%
0:33Another Brick In The Wall, Part 2
75.9%
3:37Livin' La Vida Loca
74.9%
5:55Sk8er Boi
74.4%
7:48My Heart Will Go On
73.2%
1:03Viva La Vida
72.8%
0:00Blue Suede Shoes
70.5%
4:35Mr. Brightside
69.7%
4:18Bad Day
69.5%
6:34Wake Me Up When September Ends
69.5%
6:43Like A Virgin
68.3%
5:17Tik Tok
68.2%
2:06Radioactive
67.5%
7:57The Fox (What Does The Fox Say?)
67%
7:24Don't You Want Me
67%
Time Song Title % Correct
2:38California Dreamin'
66.7%
1:49Achy Breaky Heart
66.5%
1:33A Thousand Miles
64.5%
5:40We Are Young
63%
1:25Proud Mary
62.6%
1:57Candle In The Wind
61.5%
6:17Teenage Dream
60.1%
0:07Walking In Memphis
56.9%
4:25Good Vibrations
56.1%
3:19You Shook Me All Night Long
55.5%
4:52Bring Me To Life
53.9%
6:57Dani California
53.8%
3:45Blowin' In The Wind
53.3%
1:17The Shoop Shoop Song (It's In His Kiss)
48.9%
4:03Cheap Thrills
47.6%
5:31(They Long To Be) Close To You
47%
2:55Rebel Rebel
45.9%
5:48The Boxer
42.3%
6:26Paranoid
40.7%
1:40Walk Of Life
39.8%
6:51Money (That's What I Want)
36.4%
5:01King Of The Road
36.1%
6:10I Say A Little Prayer
35.4%
0:47You Get What You Give
34%
7:40You've Lost That Lovin' Feelin'
33.1%
7:32Greatest Love Of All
27.2%
5:24Common People
25.4%
7:14Mama Said Knock You Out
24.6%
3:02I'll Never Fall In Love Again
21.1%
6:02The Riddle
8.7%

You're not logged in!

Compare scores with friends on all Sporcle quizzes.
Join for Free
OR
Log In

You Might Also Like...

Show Comments

Extras

Top Quizzes Today


Score Distribution

Your Account Isn't Verified!

In order to create a playlist on Sporcle, you need to verify the email address you used during registration. Go to your Sporcle Settings to finish the process.

Report this User

Report this user for behavior that violates our Community Guidelines.

Details: